000 00553nam a22001697a 4500
003 MACL
005 20250819175305.0
008 160722b xxu||||| |||| 00| 0 eng d
040 _cMACL
041 _aHindi
082 _a800/RAM
100 _aशाह, रमेशचन्‍द्र
_952061
245 _aइस खिडकी से
_cरमेशचन्‍द्र शाह
260 _aनई दिल्‍ली
_bकिताबघर प्रकाशन
_c2012
650 _aरचनावली
_936754
942 _2ddc
_cHIN
999 _c54651
_d54651